000 00456nam a2200169Ia 4500
008 230917s9999||||xx |||||||||||||| ||und||
020 _cRS3500
040 _e236961
_aMAIN
041 _aEnglish
082 _a954.01 G154A
100 _aGanesan, P
245 0 _aAncient indian history
260 _aNew Delhi
_bSharada Publishing
_c2016
300 _axi, 475 p.
500 _a2524 06/01/2017 RBP17/63263 23/01/2017 Main Budget Periodicals
942 _cBK
999 _c20488
_d20488